000 00333nam a2200133Ia 4500
008 240624s9999 xx 000 0 und d
041 _aeng
082 _a658 DRU
100 _aDRUCKER PETER F
245 _aMANAGING FOR RESULTS
260 _c2002
_aNew Delhi
_bAllied Publishers
300 _axii, : 240 : p. ; 18cm.
365 _cRS
_b30
999 _c4326
_d4326